MyGZULibrary

The Impact of structural adjustment on the population of Africa : (Record no. 2345)

MARC details
000 -LEADER
fixed length control field 01036pam a2200265 a 4500
001 - CONTROL NUMBER
control field 2050817
003 - CONTROL NUMBER IDENTIFIER
control field GZU
005 - DATE AND TIME OF LATEST TRANSACTION
control field 20201028153714.0
008 - FIXED-LENGTH DATA ELEMENTS--GENERAL INFORMATION
fixed length control field 930216s1993 enk b 001 0 eng
010 ## - LIBRARY OF CONGRESS CONTROL NUMBER
LC control number 93020329
020 ## - INTERNATIONAL STANDARD BOOK NUMBER
International Standard Book Number 0435080857 (Heinemann)
040 ## - CATALOGING SOURCE
Original cataloging agency DLC
Transcribing agency DLC
Modifying agency DLC
043 ## - GEOGRAPHIC AREA CODE
Geographic area code fb-----
050 00 - LIBRARY OF CONGRESS CALL NUMBER
Classification number HC800
Item number .IMP 1993
245 04 - TITLE STATEMENT
Title The Impact of structural adjustment on the population of Africa :
Remainder of title the implications for education, health, & employment /
Statement of responsibility, etc. edited by Aderanti Adepoju.
260 ## - PUBLICATION, DISTRIBUTION, ETC.
Place of publication, distribution, etc. London :
Name of publisher, distributor, etc. James Currey ;
Place of publication, distribution, etc. Portsmouth, NH :
Name of publisher, distributor, etc. Heinemann,
Date of publication, distribution, etc. 1993.
300 ## - PHYSICAL DESCRIPTION
Extent viii, 148 p. ;
Dimensions 25 cm.
504 ## - BIBLIOGRAPHY, ETC. NOTE
Bibliography, etc. note Includes bibliographical references and index.
651 #0 - SUBJECT ADDED ENTRY--GEOGRAPHIC NAME
Geographic name Africa, Sub-Saharan
General subdivision Economic conditions.
651 #0 - SUBJECT ADDED ENTRY--GEOGRAPHIC NAME
Geographic name Africa, Sub-Saharan
General subdivision Social conditions.
700 1# - ADDED ENTRY--PERSONAL NAME
Personal name Adepoju, Aderanti.
Relator term editor
906 ## - LOCAL DATA ELEMENT F, LDF (RLIN)
a 7
b cbc
c orignew
d 1
e ocip
f 19
g y-gencatlg
942 ## - ADDED ENTRY ELEMENTS (KOHA)
Source of classification or shelving scheme Library of Congress Classification
Koha item type Books
Classification part 800
Item part IMP
Call number prefix HC
Holdings
Withdrawn status Lost status Source of classification or shelving scheme Damaged status Not for loan Collection code Home library Current library Shelving location Date acquired Source of acquisition Total Checkouts Full call number Barcode Date last seen Copy number Price effective from Koha item type
    Library of Congress Classification     Non-fiction City Campus Library City Campus Library General Stacks 10/28/2020 International Labour Organisation   HC800 IMP 1993 028311 10/28/2020 c. 1 10/28/2020 Books